César du meilleur acteur par image - Statistiques

Statistiques générales
  • Ce quiz a été pris 9 457 fois
    3 903 depuis la dernière actualisation
  • Le résultat moyen est 20 sur 51
Statistiques - réponses
Par images Hint Réponse % Correct
2012 Omar Sy
95%
2015 Pierre Niney
94%
1991 Gérard Depardieu
86%
1981 Gérard Depardieu
86%
2026 Laurent Lafitte
68%
1984 Coluche
66%
2007 François Cluzet
61%
2009 Vincent Cassel
61%
1985 Alain Delon
59%
1989 Jean-Paul Belmondo
57%
2023 Benoît Magimel
53%
2022 Benoît Magimel
53%
1999 Jacques Villeret
51%
2016 Vincent Lindon
51%
2000 Daniel Auteuil
50%
1987 Daniel Auteuil
50%
2003 Adrien Brody
43%
1978 Jean Rochefort
43%
2017 Gaspard Ulliel
41%
2014 Guillaume Gallienne
40%
2010 Tahar Rahim
39%
1995 Gérard Lanvin
35%
2020 Roschdy Zem
35%
2019 Alex Lutz
34%
1980 Claude Brasseur
34%
2025 Karim Leklou
33%
1994 Pierre Arditi
32%
1998 André Dussollier
31%
1996 Michel Serrault
29%
1982 Michel Serrault
29%
1979 Michel Serrault
29%
1986 Christophe Lambert
28%
1977 Michel Galabru
28%
1990 Philippe Noiret
27%
1976 Philippe Noiret
27%
2018 Swann Arlaud
25%
2013 Jean-Louis Trintignant
24%
2008 Mathieu Amalric
24%
2005 Mathieu Amalric
24%
1993 Claude Rich
22%
2004 Omar Sharif
22%
1988 Richard Bohringer
22%
1992 Jacques Dutronc
17%
2011 Éric Elmosnino
16%
2006 Michel Bouquet
16%
2002 Michel Bouquet
16%
1983 Philippe Léotard
15%
1997 Philippe Torreton
14%
2001 Sergi López
13%
2021 Sami Bouajila
11%
2024 Arieh Worthalter
8%
Aucun quiz correspondant
Distribution des résultats
% des personnes avec chaque résultat
Percentile par nombre de réponses
Votre historique - résultats
Vous n’avez pas pris ce quiz depuis la dernière actualisation